Randomized algorithms / (Record no. 184447)
[ view plain ]
| 000 -LEADER | |
|---|---|
| fixed length control field | 00709nam a2200217Ia 4500 |
| 005 - DATE AND TIME OF LATEST TRANSACTION | |
| control field | 20241014095621.0 |
| 008 - FIXED-LENGTH DATA ELEMENTS--GENERAL INFORMATION | |
| fixed length control field | 210716s2000 xx 000 0 und d |
| 020 ## - INTERNATIONAL STANDARD BOOK NUMBER | |
| International Standard Book Number | 9780521613903 |
| 040 ## - CATALOGING SOURCE | |
| Transcribing agency | AIMIT LIBRARY |
| 041 ## - LANGUAGE CODE | |
| Language code of text/sound track or separate title | eng |
| 082 ## - DEWEY DECIMAL CLASSIFICATION NUMBER | |
| Classification number | 005.73 |
| Edition number | 1 |
| Item number | MOTR |
| 100 ## - MAIN ENTRY--PERSONAL NAME | |
| Personal name | Motwani, Rajeev. |
| 9 (RLIN) | 44267 |
| 245 ## - TITLE STATEMENT | |
| Title | Randomized algorithms / |
| Statement of responsibility, etc. | By Rajeev Motwani and Prabhakar Raghavan. |
| 250 ## - EDITION STATEMENT | |
| Edition statement | 1st ed. |
| 260 ## - PUBLICATION, DISTRIBUTION, ETC. | |
| Place of publication, distribution, etc. | New Delhi : |
| Name of publisher, distributor, etc. | Cambridge University Press , |
| Date of publication, distribution, etc. | 2000 . |
| 300 ## - PHYSICAL DESCRIPTION | |
| Extent | xiv, 476p. ; |
| Dimensions | 23 cm. |
| 650 ## - SUBJECT ADDED ENTRY--TOPICAL TERM | |
| Topical term or geographic name entry element | Geometric algorithms and linear programming |
| 9 (RLIN) | 44268 |
| 650 ## - SUBJECT ADDED ENTRY--TOPICAL TERM | |
| Topical term or geographic name entry element | Markov chains and random walks |
| 9 (RLIN) | 44269 |
| 700 ## - ADDED ENTRY--PERSONAL NAME | |
| Personal name | Raghavan, Prabhakar. |
| 9 (RLIN) | 44270 |
| 942 ## - ADDED ENTRY ELEMENTS (KOHA) | |
| Source of classification or shelving scheme | Dewey Decimal Classification |
| Koha item type | Book |
| Edition | 1st |
| Call number prefix | 005.73 MOTR |
| Withdrawn status | Lost status | Source of classification or shelving scheme | Damaged status | Not for loan | Collection code | Home library | Current library | Date acquired | Total Checkouts | Full call number | Barcode | Date last seen | Price effective from | Koha item type | Source of acquisition | Cost, normal purchase price | Inventory number | Cost, replacement price |
|---|---|---|---|---|---|---|---|---|---|---|---|---|---|---|---|---|---|---|
| Dewey Decimal Classification | MCA | St Aloysius Institute of Management & Information Technology | St Aloysius Institute of Management & Information Technology | 07/16/2021 | 005.73 MOTR | MCA03955 | 05/23/2026 | 07/16/2021 | Book | |||||||||
| Dewey Decimal Classification | MCA | St Aloysius Institute of Management & Information Technology | St Aloysius Institute of Management & Information Technology | 07/16/2021 | 005.73 MOTR | MCA07362 | 05/23/2026 | 07/16/2021 | Book | Donated | ||||||||
| Dewey Decimal Classification | MCA | St Aloysius Institute of Management & Information Technology | St Aloysius Institute of Management & Information Technology | 005.73 MOTR | MCA15666 | 05/23/2026 | 07/16/2021 | Book | Knowledge World | 995.00 | Bill no:501; Bill dt:2018-03-05 | 776.10 |